[Event "Nittenau-ch 06th"]
[Site "Nittenau"]
[Date "2006.09.16"]
[Round "3"]
[White "Hessler, Markus"]
[Black "Maurer, Christian"]
[Result "0-1"]
[WhiteElo "1658"]
[BlackElo "1974"]
[PlyCount "63"]
[EventDate "2006.09.15"]
[EventType "swiss"]
[EventRounds "5"]
[EventCountry "GER"]
[SourceTitle "EXT 2022"]
[Source "ChessBase"]
[SourceDate "2021.10.06"]
[SourceVersion "1"]
[SourceVersionDate "2021.10.06"]
[SourceQuality "1"]

1. e4 c5 2. Nc3 Nc6 3. f4 d6 4. Bb5 Bd7 5. Nf3 a6 6. Bxc6 Bxc6 7. d3 g6 8. 0-0 Bg7 9. Qe1 Nf6 10. Kh1 0-0 11. Qh4 Qd7 12. f5 gxf5 13. Ng5 h6 14. Nh3 fxe4 15. Rxf6 Bxf6 16. Qxh6 Qf5 17. Bg5 exd3 18. Bxf6 Qxf6 19. Qd2 dxc2 20. Ng1 Kg7 21. Rf1 Qh6 22. Rf4 Rh8 23. h3 Rag8 24. Nce2 Qe6 25. Rg4+ Kf8 26. Rxg8+ Rxg8 27. Nf4 Qe4 28. Kh2 Qxf4+ 29. Qxf4 Rxg2+ 30. Kh1 Rg4+ 31. Qf3 Bxf3+ 32. Nxf3 0-1